Crop plants in India / (Record no. 39894)

MARC details
000 -LEADER
fixed length control field 00613nam a22001937a 4500
005 - DATE AND TIME OF LATEST TRANSACTION
control field 2010080607037.0
010 ## - LCCN (DPL NO)
LC control number ENG-98576
020 ## - INTERNATIONAL STANDARD BOOK NUMBER
International Standard Book Number 8187957093
Terms of availability 150.00
035 1# - SYSTEM CONTROL NUMBER
System control number EN-82109
037 ## - SOURCE OF ACQUISITION
Source of stock number/acquisition DBAD/PUB
082 ## - DEWEY DECIMAL CLASSIFICATION NUMBER
Classification number 633
100 ## - MAIN ENTRY--PERSONAL NAME
Personal name Pavadai,P
245 ## - TITLE STATEMENT
Title Crop plants in India /
Statement of responsibility, etc by P Pavadai
260 ## - PUBLICATION, DISTRIBUTION, ETC. (IMPRINT)
Place of publication, distribution, etc Poducherry
Name of publisher, distributor, etc Virat Publications
Date of publication, distribution, etc 2008
270 ## - ADDRESS
Address 9 Main road Kumarapalayam
City Puducherry
Postal code 605502
300 ## - PHYSICAL DESCRIPTION
Extent v,141p
Dimensions 20cm(pbk)
942 ## - ADDED ENTRY ELEMENTS (KOHA)
Source of classification or shelving scheme Dewey Decimal Classification
Item type English Books
Classification part 633
Call number suffix PAV
Holdings
Withdrawn status Lost status Not for loan Collection code Home library Current library Date acquired Source of acquisition Cost, normal purchase price Full call number Barcode Copy number Cost, replacement price Koha item type
    Not For Loan Non-fiction D.B.Act.Division D.B.Act.Division 06/08/2010 DBAD/PUB 150.00 633 PAV EN-82109 1 150.00 English Books

© Delhi Public Library
Hit Counter
free hit counter